Race relations in wartime Detroit : the Sojourner Truth housing controversy of 1942 /

Bibliographic Details
Main Author: Capeci, Dominic J.
Format: Book
Language:English
Published: Philadelphia : Temple University Press, 1984.
Subjects:

MARC

Tag First Indicator Second Indicator Subfields
LEADER 00000cam a2200000 a 4500
001 in00000015919
005 20151007052631.0
008 830908s1984 pau b 00110 eng
010 |a  83017960  
020 |a 0877223394 :  |c $34.95 
035 |a (OCoLC)09944544 
035 |9 AAA8600AM 
040 |a DLC  |c DLC  |d m/c  |d TXA  |d UtOrBLW 
043 |a n-us-mi 
049 |a TXAM  |c [A11464078] 
050 0 0 |a HD7288.72.U52  |b D483 1984 
082 0 |a 363.5/8  |2 19 
100 1 |a Capeci, Dominic J. 
245 1 0 |a Race relations in wartime Detroit :  |b the Sojourner Truth housing controversy of 1942 /  |c Dominic J. Capeci, Jr. 
264 1 |a Philadelphia :  |b Temple University Press,  |c 1984. 
300 |a xii, 240 pages ;  |c 24 cm. 
336 |a text  |b txt  |2 rdacontent 
337 |a unmediated  |b n  |2 rdamedia 
338 |a volume  |b nc  |2 rdacarrier 
504 |a Bibliography: pages 223-226. 
500 |a Includes index. 
650 0 |a African Americans  |x Housing  |z Michigan  |z Detroit  |x History  |y 20th century. 
650 0 |a Public housing  |z Michigan  |z Detroit  |x History  |y 20th century. 
651 0 |a Detroit (Mich.)  |x Race relations. 
999 |a MARS 
999 f f |s b16938b5-b93d-3f08-961f-006cd3f90b02  |i 6f710a97-7eec-30dc-b9b4-54d5158fe78c  |t 0 
952 f f |p ric  |a Texas A&M University  |b Rellis Campus  |c Joint Library Facility  |d Remote Storage  |t 0  |e HD7288.72 .U52 D483 1984  |h Library of Congress classification  |i unmediated -- volume  |m A14811464078 
998 f f |a HD7288.72 .U52 D483 1984  |t 0  |l Remote Storage